|
|
|
|
| LEADER |
00685cam a2200193 7i4500 |
| 001 |
0000000866 |
| 005 |
20191017090000.0 |
| 020 |
|
|
|a 9839585894 (pbk.)
|
| 020 |
|
|
|a 9789839585896
|
| 090 |
0 |
0 |
|a TA183
|b .S54 1993
|
| 100 |
1 |
|
|a Seeley, Ivor H
|
| 245 |
1 |
0 |
|a Kuantiti kejuruteraan awam
|c Ivor H. Seeley ; terjemahan Kamaruddin Md. Ali.
|
| 260 |
|
|
|a Johor:
|b UTM,
|c 1993.
|
| 300 |
|
|
|a vii, 243 p.;
|c 23.5cm.
|
| 650 |
0 |
0 |
|a Civil engineering --
|x Measurement
|
| 700 |
0 |
|
|a Kamaruddin Md. Ali
|
| 997 |
|
|
|a Engineering & Life Sciences, Faculty
|b Engineering, Department
|
| 999 |
|
|
|a 0000000819
|b BOK
|c OPEN SHELF
|e 2nd Floor, Bestari Jaya
|
| 999 |
|
|
|a 0000035874
|b BOK
|c OPEN SHELF
|e 2nd Floor, Bestari Jaya
|